000 00314nam a2200133Ia 4500
005 20260326235459.0
008 260326s9999||||xx |||||||||||||| ||und||
100 _aWinter, John
245 0 _aModern Buildings /
_cJohn Winter
260 _bHamlyn
300 _a189 p.
650 _aARQUITECTURA MODERNA
942 _cBK
999 _c8012
_d8012